000 00436nam a2200181Ia 4500
001 22507
005 20260414150836.0
008 260414t2013||||xx |||||||||||||| ||spa||
041 _aESP
082 _a621.382
_bB85
100 _aBruno, Anthony
_eAUT
245 0 _aCCDA 640-864 :
_bofficial cert guide
260 _c2013
300 _axxxvi, 721 páginas :
_c23 cm.
650 _aTCA
654 _aCET
942 _cLIB
_dJUS
_fJUS
_2ddc
_n
999 _c22507
_d22507